ARRUPE JESUIT UNIVERSITY

CORONAVIRUS -STOP THE SPREAD - CLEAN,DISINFECT,COVER

The face of the other and the trace of God (Record no. 10064)

MARC details
000 -LEADER
fixed length control field 00558nam a2200217Ia 4500
003 - CONTROL NUMBER IDENTIFIER
control field 0100
008 - FIXED-LENGTH DATA ELEMENTS--GENERAL INFORMATION
fixed length control field 130303s9999 xx 000 0 und d
020 ## - INTERNATIONAL STANDARD BOOK NUMBER
International Standard Book Number 0823219658
040 ## - CATALOGING SOURCE
Transcribing agency ARRUPELIB
050 ## - LIBRARY OF CONGRESS CALL NUMBER
Classification number B2430.L484F32 2000
300 ## - PHYSICAL DESCRIPTION
Other physical details 315p. 23cm.
245 #4 - TITLE STATEMENT
Title The face of the other and the trace of God
245 ## - TITLE STATEMENT
Remainder of title essays on the philosophy of Emmanuel Levinas
260 ## - PUBLICATION, DISTRIBUTION, ETC. (IMPRINT)
Place of publication, distribution, etc New York
260 ## - PUBLICATION, DISTRIBUTION, ETC. (IMPRINT)
Name of publisher, distributor, etc Fordham University Press
260 ## - PUBLICATION, DISTRIBUTION, ETC. (IMPRINT)
-- 2000
300 ## - PHYSICAL DESCRIPTION
Extent xvi
650 ## - SUBJECT ADDED ENTRY--TOPICAL TERM
Topical term following geographic name as entry element Rahner, Karl
700 ## - ADDED ENTRY--PERSONAL NAME
Personal name Jeffrey, Bloechl (ed.)
942 00 - ADDED ENTRY ELEMENTS (KOHA)
Koha issues (borrowed), all copies 14
Holdings
Withdrawn status Lost status Source of classification or shelving scheme Damaged status Not for loan Collection code Home library Current library Shelving location Date acquired Total Checkouts Full call number Barcode Date last seen Date checked out Copy number Price effective from Koha item type
    Library of Congress Classification     Main Collection ARRUPE LIBRARY ARRUPE LIBRARY   04/03/2013 23 B2430.L484F32 2000 46003094828 11/04/2018 04/04/2018 1 04/03/2013 Monograph ( Printed materials)

 

Arrupe Library. PO Box MP320 Mt Pleasant, Harare, Zimbabwe
263 242 745411|librarian@aju.ac.zw